000 00257nam a2200109Ia 4500
008 190216s9999||||xx |||||||||||||| ||und||
100 _aS L Puram
245 0 _aAval Oru Pennanu
260 _bNbs Kottayam
650 _aMalayalam Novel-Malayalam
942 _cBK
999 _c24860
_d24860